Exercícios de Matemática: 8º ano

Guardado en:
Detalles Bibliográficos
Autor principal: Alves, Alfredo Gomes
Otros Autores: Neves, M. Augusta Ferreira Vieira, Maria Teresa Coutinho
Formato: Desconocido
Lenguaje:portugués
Publicado: Porto Porto Editora 1989
Catálogo:MANES:  Resultados de Búsqueda del Catálogo
Clasificación de libros de texto:
Etiquetas: Agregar Etiqueta
Sin Etiquetas, Sea el primero en etiquetar este registro!
Añadido a:2016-04-26
Cambiado en:2025-04-25

MARC

LEADER 000000000a22000000004500
001 27243
003 OSt
005 20250425111428.0
008 160427s pt ||||| |||| 00| 0 por d
040 |c centro_manes 
041 1 |a por 
100 1 |a Alves, Alfredo Gomes  |9 15427 
245 0 0 |a Exercícios de Matemática: 8º ano 
260 3 |a Porto  |b Porto Editora  |c 1989 
300 |a 279, [1] p.;  |c 21 cm 
561 |5 pt-BNP  |a Portugal. Biblioteca Nacional de Portugal  |k MANES 
690 0 |a MATE 
691 |a SE 
700 1 |a Neves, M. Augusta Ferreira  |9 15056  |a Vieira, Maria Teresa Coutinho  |9 15428 
942 |2 ddc  |c BK 
546 |a Portugal 
999 |c 28705  |d 28705 
999 |c manes:28705  |d 28705